000 00434nam a2200181Ia 4500
005 20240823012802.0
008 240823s9999||||xx |||||||||||||| ||und||
041 _aENGLISH
082 _A537.622 M7
100 _aSze S M
245 0 _aPhysics of Semiconductor Devices
250 _a2nd
260 _c1987
_b"Wiley,New Delhi"
500 _aYES
650 _aElectronic Devices
_bInstrumentation
942 _cBK
999 _c165394
_d165394